Trasa Linii 164 (MPK KRAKÓW) - Statystyki

Ogólne statystyki
  • Ten quiz został rozwiązany 10 razy
  • Średni wynik to 23 z 34
Statystyki odpowiedzi
Lp. Ulica Przystanek % Poprawnych
15. Czarnowiejska Czarnowiejska
100%
12. al. Kraśińskiego Jubilat
100%
11. Konopnickiej Konopnickiej
100%
13. al. Mickiewicza Muzeum Narodowe
100%
19. Armii Krajowej Przybyszewskiego
100%
10. Konopnickiej Rondo Grunwaldzkie
100%
22. Armii KrajowejBalicka Bronowice SKA
90%
16. ↓ Nawojki Kawiory
90%
1. Nowosądecka Piaski Nowe
90%
8. Konopnickiej Kamieńskiego Rondo Matecznego
90%
14. ↑ al. Mickiewicza AGH / UR
80%
20. Armii Krajowej Armii Krajowej
80%
24. Balicka Bronowice Małe
80%
23. ↓ Balicka Bronowice SKA
80%
17. ↑ Czarnowiejska Chopina
80%
25. (NŻ) Balicka Giełda Balicka
80%
7. (NŻ) ↓ Kamieńskiego Kamieńskiego Wiadukt
80%
33. Brzezińskiego Mydlniki Wapiennik P+R
80%
6. Puszkarska Puszkarska
80%
9. Konopnickiej Ludwinów
70%
2. Trybuny LudówNowosądecka Nowosądecka
70%
27. Balicka UR Balicka
70%
21. Armii Krajowej Zarzecze
70%
26. (NŻ) Balicka Lindego
50%
WAR Na Błonie Bronowice Małe
40%
32. (NŻ) Balicka Cmentarz Mydlniki
40%
28. (NŻ) Balicka Młynówka SKA
40%
4. Sławka Trybuny Ludów Wola Duchacka
40%
5. Puszkarska Sławka Zajezdnia Wola Duchacka
40%
30. (NŻ) ↓ Balicka Zakliki
30%
29. Balicka Godlewskiego
20%
3. ↑ Trybuny Ludów Karpińskiego
20%
31. Balicka Wierzyńskiego
20%
18. Nawojki Muzeum Studenckie AGH
0%
Nie znaleziono quizów pasujących do podanych kryteriów
Rozkład punktacji
Procent ludzi z każdym wynikiem
Percentyl według liczby udzielonych odpowiedzi
Twoja historia wyników
Nie rozwiązałeś tego quizu